000 00220nam a22000857a 4500
008 170614b xxu||||| |||| 00| 0 eng d
100 _93397
_aNissar. K
245 _aClick and learn computer
260 _aNew Delhi
_bPinnace
_c2009
999 _c6757
_d6757